| 000 -CABECERA |
| fixed length control field |
00748nam a22002057a 4500 |
| 003 - IDENTIFICADOR DEL NÚMERO DE CONTROL |
| control field |
AR-CdUCM |
| 008 - DATOS DE LONGITUD FIJA--INFORMACIÓN GENERAL |
| fixed length control field |
190514b ||||| |||| 00| 0 spa d |
| 040 ## - FUENTE DE LA CATALOGACIÓN |
| Agencia/entidad que catalogó originalmente la obra |
MUNICIPALIDAD PROVINCIAL DEL CUSCO |
| Entidad que transcribió la catalogación |
BIBLIOTECA MUNICIPAL DEL CUSCO |
| 082 ## - NÚMERO DE LA CLASIFICACIÓN DECIMAL DEWEY |
| No. de Clasificación |
863.8 / |
| Notacion interna |
V67 / 1947 |
| 100 ## - ENTRADA PRINCIPAL--NOMBRE DE PERSONA |
| Nombre Personal |
Villegas, Antonio de |
| 245 ## - MENCIÓN DE TÍTULO |
| Título |
Novelistas anteriores a cervantes : |
| Resto del título |
Segunda parte de la vida del picaro Guzman de Alfarache / |
| 260 ## - PUBLICACIÓN, DISTRIBUCIÓN, ETC. |
| Lugar de publicación, distribución, etc. |
Buenos Aires : |
| Nombre de la editorial, distribuidor, etc. |
Pinguino |
| Fecha de publicación, distribución, etc. |
1947 |
| 300 ## - DESCRIPCIÓN FÍSICA |
| Nº de Páginas Extensión |
213 paginas ; |
| Dimensiones |
20 cm. |
| 505 ## - NOTA DE CONTENIDO CON FORMATO |
| Nota de contenido formateada |
Contenido: Capitulo I -- Capitulo II -- Capitulo III -- Capitulo IV -- Capitulo V... |
| 650 ## - PUNTO DE ACCESO ADICIONAL DE MATERIA--TÉRMINO DE MATERIA |
| Descriptor |
Novelistas |
| 9 (RLIN) |
39194 |
| 650 ## - PUNTO DE ACCESO ADICIONAL DE MATERIA--TÉRMINO DE MATERIA |
| Descriptor |
Cervantes |
| 9 (RLIN) |
10750 |
| 650 ## - PUNTO DE ACCESO ADICIONAL DE MATERIA--TÉRMINO DE MATERIA |
| Descriptor |
Historia |
| 9 (RLIN) |
136 |
| 942 ## - ELEMENTOS DE PUNTO DE ACCESO ADICIONAL (KOHA) |
| Fuente de clasificación |
|
| Tipo de item |
Libros-BMC |
| 945 ## - PROCESAMIENTO DE INFORMACIÓN LOCAL (OCLC) |
| Catalogador |
pjha |
| AAAA-MM-DD - Fecha de ingreso o modificacion |
2019-05-14 |